00703nam a2200217 a 4500001001300000003000900013005001700022008004100039020002300080082001800103100001800121245008300139260004000222500003500262650001900297700001800316902000800334942000700342952011900349999001700468nice12345678IN_TiNIC20260116014118.0140122s2013 newa grp 000 0 eng  a9788125051145c79500a320.0954bPRI aPrice, Pamela aWritings of Pamela Priceb State, Politics, and Cultures in Modern South India aNew Delhi bOrient Blackswan c2013 aincludes index and biblioraphy aPolitics-India1 aPrice, Pamela bSRS cBK 001040708StackRoom-aHMIbHMId2014-01-22g795.00l0o320.0954 PRIp024259r2014-01-22v795.00w2014-01-22yBK c13927d13927